Vida y literatura en Troteras y danzaderas
সংরক্ষণ করুন:
| প্রধান লেখক: | |
|---|---|
| বিন্যাস: | গ্রন্থ |
| ভাষা: | স্প্যানিশ |
| প্রকাশিত: |
Valencia
Castalia
1973
|
| মালা: | Literatura y Sociedad
|
| বিষয়গুলি: | |
| ট্যাগগুলো: |
ট্যাগ যুক্ত করুন
কোনো ট্যাগ নেই, প্রথমজন হিসাবে ট্যাগ করুন!
|
MARC
| LEADER | 00000nam a2200000 a 4500 | ||
|---|---|---|---|
| 001 | UCN8291 | ||
| 003 | CL-VaPUC | ||
| 008 | 011109e19730000SP |||||||||||||||||spa|d | ||
| 082 | 0 | 4 | |a 863.9 |b AMO |2 21 |
| 100 | 0 | |a Amorós, Andrés |e author |9 464625 | |
| 245 | 1 | 0 | |a Vida y literatura en Troteras y danzaderas |
| 300 | |a 277 p | ||
| 942 | |c BK | ||
| 945 | |d 20011109 00:00:00 |a cmena | ||
| 260 | |a Valencia |b Castalia |c 1973 | ||
| 650 | 0 | |a Literatura española |9 306261 | |
| 650 | 7 | |a NOVELA ESPAÑOLA - CRITICA E INTERPRETACION |2 CL-VaPUC |9 345007 | |
| 583 | |a last modification |c 20011109 00:00:00 |k Rodrigo Vera | ||
| 490 | 0 | |a Literatura y Sociedad | |
| 999 | |c 298306 |d 298304 | ||
| 952 | |0 0 |1 0 |4 0 |6 863_900000000000000_AMO_1973 |7 0 |8 A |9 353811 |a BIBEDU |b BIBEDU |d 2019-11-21 |i 3770176 |o 863.9 AMO 1973 |p 3770176 |r 2019-11-21 |w 2019-11-21 |y BK |k LIT | ||